000 00458nam a2200181Ia 4500
999 _c29923
_d29923
003 0100
005 20190702102912.0
008 130303s9999 xx 000 0 und d
040 _cARRUPELIB
050 _aHC517.K4L49 1975
100 _aLeys, Colin
_93684
245 _aUnderdevelopment in Kenya
245 _bthe political economy of neo-colonialism 1964-1971
260 _aBerkeley
_bUniversity of California
_c1975
300 _a284p.
300 _b 23 cm.
650 _aKenya
_xEconomic conditions
_946753
650 _aKenya
_xPolitics
_923120
650 _aKenya
_xSocial conditions
_946754
942 _2lcc
_cMONOGRAPH